| 000 | 00632nam a2200277Ia 4500 | ||
|---|---|---|---|
| 001 | Z_4402 | ||
| 003 | CHAP | ||
| 008 | 220113s1979 xx 000 0 und d | ||
| 010 | _a167472 | ||
| 040 | _cCHAP | ||
| 082 | _a636.1 B3y | ||
| 100 |
_aBaron, Michel _910290 |
||
| 245 |
_aCuidados del caballo : nociones prácticas de higiene / _cpor Michel Baron |
||
| 260 |
_aMéxico, D. F. : _bCECSA, _c1979 |
||
| 300 | _a238 p. | ||
| 440 | _a | ||
| 500 | _a | ||
| 503 | _a | ||
| 650 |
_aGanado caballar I. t. _9141693 |
||
| 901 | _a636.1 B3y | ||
| 902 | _aA | ||
| 910 | _a1979 | ||
| 942 | _c1 | ||
| 942 | _cc1 | ||
| 999 |
_c167472 _d167472 |
||